Problemas de cálculo de probabilidades / (Record no. 67907)

MARC details
000 -LEADER
campo de control de longitud fija 00572nam a2200193 i 4500
001 - NÚMERO DE CONTROL
campo de control 67907
003 - IDENTIFICADOR DE NÚMERO DE CONTROL
campo de control ES-MaACL
005 - FECHA Y HORA DE LA ÚLTIMA TRANSACCIÓN
campo de control 20230906170152.0
007 - CAMPO FIJO DE DESCRIPCIÓN FÍSICA--INFORMACIÓN GENERAL
campo de control de longitud fija t|
008 - DATOS DE LONGITUD FIJA--INFORMACIÓN GENERAL
campo de control de longitud fija 040216s1948 sp ||||1| spa d
100 1# - ENTRADA PRINCIPAL--NOMBRE DE PERSONA
Nombre de persona Gallego Díaz, José.
9 (RLIN) 53559
245 10 - MENCIÓN DEL TÍTULO
Título Problemas de cálculo de probabilidades /
Mención de responsabilidad, etc. por J. Gallego Díaz.
260 ## - PUBLICACIÓN, DISTRIBUCIÓN, ETC.
Lugar de publicación, distribución, etc. Madrid :
Nombre del editor, distribuidor, etc. Hispano-Argentinas,
Fecha de publicación, distribución, etc. [1948] (
Fabricante Tip. Artística)
300 ## - DESCRIPCIÓN FÍSICA
Extensión 119 p. :
Otras características físicas il. ;
Dimensiones 19 cm.
490 1# - MENCIÓN DE SERIE
Mención de serie Problemas
830 0# - PUNTO DE ACCESO ADICIONAL DE SERIE-TÍTULO UNIFORME
Título uniforme Problemas
9 (RLIN) 230919
852 ## - LOCALIZACIÓN
Ubicación ES-MaACL
Número de control de estantería 1896-F-1
Sublocalización o colección R.26934
Holdings
Estatus retirado Estado de pérdida Estado de daño No para préstamo Colección Biblioteca de origen Biblioteca actual Ubicación en estantería Fecha de adquisición Fuente de adquisición Total de préstamos Signatura topográfica completa Código de barras Visto por última vez Precio de reemplazo Tipo de ítem Koha
        Colección de folletos Biblioteca del Ateneo de Madrid Biblioteca del Ateneo de Madrid Depósito folletos 17/01/2008     1896-F-1 1071094 23/02/2023 23/02/2023 Folleto